000 00939nam a22002897a 4500
003 CHAP
005 20220329141151.0
008 971010s1952 r 00010 d
010 _a63747
011 _a64719
035 _a70802
040 _cCHAP
082 _a634.9285
_bS68
100 0 0 _aSpurr, Stephen Hopkins.
_9109316
245 _aForest inventory
260 _aNew York :
_bRonald,
_c1952
300 _a476 p.
_b: ilus.
590 _aBATCH-UPD
_b10
_c20130110
_lUCH01
_h1743
590 _aCONVERSION
_b10
_c20130109
_lUCH01
_h1334
650 1 4 _aBosques
_xInventarios.
_914240
901 _aBK
942 _cLIBRO
949 _a634.9285 S68
_bBC
_cLIBRO
_d33724000247821
_eLIBRO
_h23714
_i70802
_si
949 _a634.9285 S68
_bBC
_cLIBRO
_d33724000247839
_eLIBRO
_fc.2
_h23715
_i70802
_si
949 _a634.9285 S68
_bBC
_cLIBRO
_d33724000247847
_eLIBRO
_fc.3
_h23716
_i70802
_si
949 _a634.9285 S68
_bZA
_cLIBRO
_d-3376
_eLIBRO
_h5422
_i70802
_si
999 _c63747
_d63747